| 000 | 00475nam a22001817a 4500 | ||
|---|---|---|---|
| 003 | OSt | ||
| 005 | 20221129020606.0 | ||
| 008 | 151204b xxu||||| |||| 00| 0 eng d | ||
| 020 | _a8176481637 | ||
| 040 |
_aMMU _beng _cMMU _dMMU |
||
| 050 | _aZ 665 .K39 2011 | ||
| 100 |
_984 _aKawatra P.S. |
||
| 245 |
_aTextbook of information science/ _cP.S. Kawatra. |
||
| 260 |
_aNerw Delhi: _bA.P.H, _c2011. |
||
| 300 | _a323 p. : | ||
| 500 | _aincludes index | ||
| 942 |
_2lcc _cLOAN LOAN |
||
| 999 |
_c15992 _d15992 |
||